000 00924nam a22002897a 4500
001 5732
003 FISKH
005 20250207112440.0
008 250117b cb ||||| |||| 00| 0 eng d
020 _a9780965817080
040 _aFISKH
_beng
_cFISKH
_dFISKH
050 _aPZ7.W5657
082 _a451
100 _aWheeler, Lisa
245 _aFitch & Chip :
_bWhen pigs fly /
_cStory by Lisa, Wheeler ; Pictures by Frank Ansley
260 _aNew York :
_bAtheneum Books for Young Readers,
_c2003.
300 _a48 pages :
_bcolor illustrations ;
_c23 cm
490 _aReady to read
_vLevel 3
505 _aG
520 _aFitch and Chip learn that you do not have to wear a cape to be a hero.
521 8 _a400
_bLexile estimate
521 8 _aG
_bRaz-Plus
650 _aAnimal Stories
_vPicture Book Readers
700 _aAnsley, Frank
_dillustrator
942 _2ddc
_cBK
_n0
999 _c5732
_d5732